Anatomie der Subjektivität: Bewusstsein, Selbstbewusstsein und Selbstgefühl
| Contributors: | |
|---|---|
| Format: | Print Book |
| Language: | German |
| Subito Delivery Service: | Order now. |
| Check availability: | HBZ Gateway |
| WorldCat: | WorldCat |
| Interlibrary Loan: | Interlibrary Loan for the Fachinformationsdienste (Specialized Information Services in Germany) |
| Published: |
Frankfurt am Main
Suhrkamp
2005
|
| In: | Year: 2005 |
| Edition: | Orig.-Ausg., 1. Aufl. |
| Series/Journal: | Suhrkamp-Taschenbuch Wissenschaft
1735 |
| Standardized Subjects / Keyword chains: | B
Consciousness
B Self-consciousness B Subjectivity / Consciousness / Self-consciousness / Language / Time |
| Further subjects: | B
Collection of essays
B Subjectivity |
| Online Access: |
Table of Contents Blurb |
MARC
| LEADER | 00000cam a2200000 c 4500 | ||
|---|---|---|---|
| 001 | 390979597 | ||
| 003 | DE-627 | ||
| 005 | 20251223203723.0 | ||
| 007 | tu | ||
| 008 | 040721s2005 gw ||||| 00| ||ger c | ||
| 010 | |a 2005424404 | ||
| 015 | |a 04,N32,0053 |2 dnb | ||
| 016 | 7 | |a 971771081 |2 DE-101 | |
| 020 | |a 3518293354 |c Kt. : EUR 16,00 [D] |9 3-518-29335-4 | ||
| 024 | 3 | |a 9783518293355 | |
| 028 | 5 | 2 | |a 29335 |
| 035 | |a (DE-627)390979597 | ||
| 035 | |a (DE-576)112316557 | ||
| 035 | |a (DE-599)DNB971771081 | ||
| 035 | |a (OCoLC)238332593 | ||
| 035 | |a (AT-OBV)AC04242346 | ||
| 040 | |a DE-627 |b ger |c DE-627 |e rakwb | ||
| 041 | |a ger | ||
| 044 | |c XA-DE-HE | ||
| 050 | 0 | |a BD222 | |
| 082 | 0 | |a 126 | |
| 082 | 0 | 4 | |a 100 |
| 084 | |a 5,1 |2 ssgn | ||
| 084 | |a 1 |2 ssgn | ||
| 084 | |a CC 5500 |2 rvk |0 (DE-625)rvk/17640: | ||
| 084 | |a 08.25 |2 bkl | ||
| 245 | 0 | 0 | |a Anatomie der Subjektivität |b Bewusstsein, Selbstbewusstsein und Selbstgefühl |c hrsg. von Thomas Grundmann ... |
| 250 | |a Orig.-Ausg., 1. Aufl. | ||
| 264 | 1 | |a Frankfurt am Main |b Suhrkamp |c 2005 | |
| 300 | |a 495 S. |b Ill., graph. Darst, |c 18 cm | ||
| 336 | |a Text |b txt |2 rdacontent | ||
| 337 | |a ohne Hilfsmittel zu benutzen |b n |2 rdamedia | ||
| 338 | |a Band |b nc |2 rdacarrier | ||
| 361 | 1 | |5 DE-32 |y 869139207 |s CC 5500 G889 |o Vorbesitz |a Literarische Bibliothek Siegfried Unseld |0 (DE-588)1082323314 |0 (DE-627)847321843 |0 (DE-576)455352682 |f Stempel | |
| 490 | 0 | |a Suhrkamp-Taschenbuch Wissenschaft |v 1735 | |
| 601 | |a Anatomie | ||
| 601 | |a Selbstgefühl | ||
| 650 | 0 | |a Subjectivity | |
| 655 | 7 | |a Aufsatzsammlung |0 (DE-588)4143413-4 |0 (DE-627)105605727 |0 (DE-576)209726091 |2 gnd-content | |
| 689 | 0 | 0 | |d s |0 (DE-588)4006349-5 |0 (DE-627)106377876 |0 (DE-576)208865217 |2 gnd |a Bewusstsein |
| 689 | 0 | |5 DE-101 | |
| 689 | 1 | 0 | |d s |0 (DE-588)4054392-4 |0 (DE-627)10616290X |0 (DE-576)209108509 |2 gnd |a Selbstbewusstsein |
| 689 | 1 | |5 DE-101 | |
| 689 | 2 | 0 | |d s |0 (DE-588)4058323-5 |0 (DE-627)106147706 |0 (DE-576)209125764 |2 gnd |a Subjektivität |
| 689 | 2 | 1 | |d s |0 (DE-588)4006349-5 |0 (DE-627)106377876 |0 (DE-576)208865217 |2 gnd |a Bewusstsein |
| 689 | 2 | 2 | |d s |0 (DE-588)4054392-4 |0 (DE-627)10616290X |0 (DE-576)209108509 |2 gnd |a Selbstbewusstsein |
| 689 | 2 | 3 | |d s |0 (DE-588)4056449-6 |0 (DE-627)106154745 |0 (DE-576)209117702 |2 gnd |a Sprache |
| 689 | 2 | 4 | |d s |0 (DE-588)4067461-7 |0 (DE-627)104297727 |0 (DE-576)20916994X |2 gnd |a Zeit |
| 689 | 2 | |5 (DE-627) | |
| 700 | 1 | |e Hrsg. |0 (DE-588)136638856 |0 (DE-627)585441545 |0 (DE-576)301181802 |4 edt |a Grundmann, Thomas |d 1960- | |
| 856 | 4 | 2 | |u https://swbplus.bsz-bw.de/bsz112316557kla.htm |m V:DE-576 |v 2005-05-09 |3 Klappentext |7 1 |
| 856 | 4 | 2 | |u https://swbplus.bsz-bw.de/bsz112316557inh.htm |m V:DE-576 |v 2005-04-27 |3 Inhaltsverzeichnis |7 1 |
| 935 | |a mteo |a IHoeB | ||
| 935 | |i Blocktest | ||
| 936 | r | v | |a CC 5500 |b Abhandlungen |k Philosophie |k Systematische Philosophie |k Philosophie des Geistes |k Abhandlungen |0 (DE-627)1270889052 |0 (DE-625)rvk/17640: |0 (DE-576)200889052 |
| 936 | b | k | |a 08.25 |j Zeitgenössische westliche Philosophie |0 (DE-627)106403672 |
| 951 | |a BO | ||
| ACO | |a 1 | ||
| ELC | |b 1 | ||
| ITA | |a 1 | ||
| LOK | |0 000 xxxxxcx a22 zn 4500 | ||
| LOK | |0 001 3167658533 | ||
| LOK | |0 003 DE-627 | ||
| LOK | |0 004 390979597 | ||
| LOK | |0 005 20080613105232 | ||
| LOK | |0 008 050820||||||||||||||||ger||||||| | ||
| LOK | |0 040 |a DE-21-46 |c DE-627 |d DE-21-46 | ||
| LOK | |0 541 |e 2005/96 | ||
| LOK | |0 689 |a s |0 131135851X |a Subjektivität | ||
| LOK | |0 689 |a s |0 1311361332 |a Bewußtsein | ||
| LOK | |0 689 |a s |0 1311358528 |a Selbstbewußtsein | ||
| LOK | |0 689 |a s |0 1311383719 |a Selbstgefühl | ||
| LOK | |0 852 |a DE-21-46 | ||
| LOK | |0 852 1 |c Z 3/2005,3 |m p |9 00 | ||
| LOK | |0 935 |a k046 |a i046 |a kneu | ||
| LOK | |0 938 |k p | ||
| LOK | |0 939 |a 20-08-05 |b l01 | ||
| LOK | |0 000 xxxxxcx a22 zn 4500 | ||
| LOK | |0 001 3167658541 | ||
| LOK | |0 003 DE-627 | ||
| LOK | |0 004 390979597 | ||
| LOK | |0 005 20080613105314 | ||
| LOK | |0 008 080613||||||||||||||||ger||||||| | ||
| LOK | |0 040 |a DE-21-46 |c DE-627 |d DE-21-46 | ||
| LOK | |0 541 |e 2005/113 | ||
| LOK | |0 852 |a DE-21-46 | ||
| LOK | |0 852 1 |c Z 3/2005,3 2. Ex. |m p |9 00 | ||
| LOK | |0 935 |a k046 |a i046 |a kneu | ||
| LOK | |0 938 |k p | ||
| LOK | |0 939 |a 13-06-08 |b l02 | ||
| LOK | |0 000 xxxxxcx a22 zn 4500 | ||
| LOK | |0 001 3167658568 | ||
| LOK | |0 003 DE-627 | ||
| LOK | |0 004 390979597 | ||
| LOK | |0 005 20100426134038 | ||
| LOK | |0 008 100426||||||||||||||||ger||||||| | ||
| LOK | |0 040 |a DE-21-46 |c DE-627 |d DE-21-46 | ||
| LOK | |0 541 |e 2010/105 | ||
| LOK | |0 852 |a DE-21-46 | ||
| LOK | |0 852 1 |c Z 3/2005,3 3.Ex. |m p |9 00 | ||
| LOK | |0 938 |a 1004 | ||
| LOK | |0 938 |k p | ||
| LOK | |0 939 |a 26-04-10 |b l03 | ||
| LOK | |0 000 xxxxxcx a22 zn 4500 | ||
| LOK | |0 001 3167658576 | ||
| LOK | |0 003 DE-627 | ||
| LOK | |0 004 390979597 | ||
| LOK | |0 005 20060502092535 | ||
| LOK | |0 008 060502||||||||||||||||ger||||||| | ||
| LOK | |0 040 |a DE-21-35 |c DE-627 |d DE-21-35 | ||
| LOK | |0 541 |e 06/352 | ||
| LOK | |0 852 |a DE-21-35 | ||
| LOK | |0 852 1 |c Es 7.128 |m p |9 00 | ||
| LOK | |0 938 |k p | ||
| LOK | |0 938 |l K5 |8 0 | ||
| LOK | |0 939 |a 02-05-06 |b l01 | ||
| ORI | |a SA-MARC-ixtheoa001.raw | ||
| REL | |a 1 | ||
| STA | 0 | 0 | |a Consciousness,Consciousness in literature,Consciousness in art,Language,Language,Self-consciousness,Self-consciousness (Awareness),Subjectivity,Time,Time,Time in art |
| STB | 0 | 0 | |a Conscience,Conscience de soi,Confiance en soi,Confiance en soi,Langage,Langage,Langue,Langue,Langue (motif),Langue,Subjectivité,Temps,Temps,Temps (philosophie) |
| STC | 0 | 0 | |a Autoconfianza,Consciencia,Lengua,Lengua,Idioma,Idioma,Lenguaje,Idioma (Motivo),Idioma,Subjetividad,Tempo,Tempo,Tiempo |
| STD | 0 | 0 | |a Autostima,Coscienza di sé,Coscienza di sé,Coscienza,Lingua <motivo>,Lingua,Linguaggio,Linguaggio,Linguaggio (motivo),Linguaggio,Soggettività,Tempo,Tempo |
| STE | 0 | 0 | |a 主观性,主体性,意识,知觉,时间,时间,自我意识,自觉性,语言 |
| STF | 0 | 0 | |a 主觀性,主體性,意識,知覺,時間,時間,自我意識,自覺性,語言 |
| STG | 0 | 0 | |a Autoconfiança,Consciência,Língua,Língua,Idioma,Idioma,Idioma (Motivo),Idioma,Subjetividade,Tempo,Tempo |
| STH | 0 | 0 | |a Время (мотив),Время,Сознание,Субъективность,Уверенность в себе,Язык (речь, мотив),Язык (речь) |
| STI | 0 | 0 | |a Αυτοσυνειδησία,Γλώσσα (μοτίβο),Γλώσσα,Συνείδηση,Υποκειμενικότητα,Χρόνος (μοτίβο),Χρόνος |
| SUB | |a REL | ||
| SYG | 0 | 0 | |a Sprachen , Zeitstruktur |



